Tous les champions de France de football année par année - Statistiques

Statistiques générales
  • Ce quiz a été pris 749 fois
  • Le résultat moyen est 77 sur 84
Statistiques - réponses
Année Vainqueur % Correct
1993 (Non attribué)
100%
1937 Olympique de Marseille
100%
1948 Olympique de Marseille
100%
1971 Olympique de Marseille
100%
1972 Olympique de Marseille
100%
1989 Olympique de Marseille
100%
1990 Olympique de Marseille
100%
1991 Olympique de Marseille
100%
1992 Olympique de Marseille
100%
2010 Olympique de Marseille
100%
1986 Paris Saint-Germain
100%
1994 Paris Saint-Germain
100%
2013 Paris Saint-Germain
100%
2014 Paris Saint-Germain
100%
2015 Paris Saint-Germain
100%
2016 Paris Saint-Germain
100%
2018 Paris Saint-Germain
100%
2019 Paris Saint-Germain
100%
2020 Paris Saint-Germain
100%
2022 Paris Saint-Germain
100%
1946 LOSC
99%
1954 LOSC
99%
2011 LOSC
99%
2021 LOSC
99%
2002 Olympique Lyonnais
99%
2003 Olympique Lyonnais
99%
2004 Olympique Lyonnais
99%
2005 Olympique Lyonnais
99%
2006 Olympique Lyonnais
99%
2007 Olympique Lyonnais
99%
2008 Olympique Lyonnais
99%
1961 AS Monaco
97%
1963 AS Monaco
97%
1978 AS Monaco
97%
1982 AS Monaco
97%
1988 AS Monaco
97%
1997 AS Monaco
97%
2000 AS Monaco
97%
2017 AS Monaco
97%
1957 AS Saint-Etienne
94%
1964 AS Saint-Etienne
94%
1967 AS Saint-Etienne
94%
1968 AS Saint-Etienne
94%
1969 AS Saint-Etienne
94%
1970 AS Saint-Etienne
94%
1974 AS Saint-Etienne
94%
1975 AS Saint-Etienne
94%
1976 AS Saint-Etienne
94%
1981 AS Saint-Etienne
94%
1950 Girondins de Bordeaux
94%
1984 Girondins de Bordeaux
94%
1985 Girondins de Bordeaux
94%
1987 Girondins de Bordeaux
94%
1999 Girondins de Bordeaux
94%
2009 Girondins de Bordeaux
94%
1965 FC Nantes
92%
1966 FC Nantes
92%
1973 FC Nantes
92%
1977 FC Nantes
92%
1980 FC Nantes
92%
1983 FC Nantes
92%
1995 FC Nantes
92%
2001 FC Nantes
92%
2012 Montpellier Hérault SC
92%
1933 Olympique lillois
92%
1998 RC Lens
90%
1951 OGC Nice
85%
1952 OGC Nice
85%
1956 OGC Nice
85%
1959 OGC Nice
85%
1949 Stade de Reims
83%
1953 Stade de Reims
83%
1955 Stade de Reims
83%
1958 Stade de Reims
83%
1960 Stade de Reims
83%
1962 Stade de Reims
83%
1996 AJ Auxerre
79%
1979 RC Strasbourg Alsace
78%
1936 RC Paris
70%
1935 FC Sochaux-Montbéliard
58%
1938 FC Sochaux-Montbéliard
58%
1934 FC Sète
46%
1939 FC Sète
46%
1947 CO Roubaix-Tourcoing
34%
Aucun quiz correspondant
Distribution des résultats
% des personnes avec chaque résultat
Percentile par nombre de réponses
Votre historique - résultats
Vous n’avez pas pris ce quiz